000 00226nam a2200097Ia 4500
008 190216s9999||||xx |||||||||||||| ||und||
100 _aChandrika B T
245 0 _aDravida Shilpakala
260 _bKerala Basha Inst
942 _cBK
999 _c37694
_d37694